<?xml version="1.0" encoding="UTF-8"?>
<collection xmlns="http://www.loc.gov/MARC21/slim">
    <record>
        <controlfield tag="001">12587</controlfield>
        <controlfield tag="005">20190219123645.0</controlfield>
        <datafield tag="037" ind1=" " ind2=" ">
            <subfield code="a">TESIS-2013-127</subfield>
        </datafield>
        <datafield tag="041" ind1=" " ind2=" ">
            <subfield code="a">spa</subfield>
        </datafield>
        <datafield tag="080" ind1=" " ind2=" ">
            <subfield code="a">54</subfield>
        </datafield>
        <datafield tag="100" ind1="1" ind2=" ">
            <subfield code="a">Lalueza Valero, Patricia</subfield>
        </datafield>
        <datafield tag="245" ind1="0" ind2="0">
            <subfield code="a">Materiales inorgánicos nanoestructurados basados en plata</subfield>
            <subfield code="b">Aplicaciones bactericidas</subfield>
        </datafield>
        <datafield tag="260" ind1=" " ind2=" ">
            <subfield code="a">Zaragoza</subfield>
            <subfield code="b">Universidad de Zaragoza, Prensas de la Universidad</subfield>
            <subfield code="c">2013</subfield>
        </datafield>
        <datafield tag="300" ind1=" " ind2=" ">
            <subfield code="a">227</subfield>
        </datafield>
        <datafield tag="490" ind1="0" ind2=" ">
            <subfield code="a">Tesis de la Universidad de Zaragoza</subfield>
            <subfield code="v">2013-109</subfield>
            <subfield code="x">2254-7606</subfield>
        </datafield>
        <datafield tag="500" ind1=" " ind2=" ">
            <subfield code="a">Presentado:  27 09 2013</subfield>
        </datafield>
        <datafield tag="502" ind1=" " ind2=" ">
            <subfield code="a">Tesis-Univ. Zaragoza, Ingeniería Química y Tecnologías del Medio Ambiente, 2013</subfield>
            <subfield code="b">Zaragoza, Universidad de Zaragoza</subfield>
            <subfield code="c">2013</subfield>
        </datafield>
        <datafield tag="506" ind1=" " ind2=" ">
            <subfield code="a">by-nc-nd</subfield>
            <subfield code="b">Creative Commons</subfield>
            <subfield code="c">3.0</subfield>
            <subfield code="u">https://creativecommons.org/licenses/by-nc-nd/3.0/</subfield>
        </datafield>
        <datafield tag="520" ind1=" " ind2=" ">
            <subfield code="a">En este trabajo se plantea profundizar en los efectos bactericidas, utilizando la bacteria S. aureus como modelo, producidos por materiales nanoestructurados que han incorporado diferentes compuestos antimicrobianos. Por un lado, se analizó la liberación de plata procedente de la ZSM-5 previamente intercambiada con nitrato de plata, así como su poder bactericida. Por otro lado, se sintetizaron AgNPs in situ, tanto en la ZSM-5 como en materiales mesoporosos (SBA-15 y MCM-41). Se evaluó el poder bactericida de estos materiales con AgNPs, y con la combinación de AgNPs con ácido peroxiacético, otro compuesto bactericida, que se encontraba absorbido en los poros de los materiales nanoestructurados. Finalmente se estudió el poder bactericida de nanohilos de plata por si solos y combinados con potencial eléctrico. Los principales aspectos que se estudiaron fueron: - La concentración de los iones plata liberados. - El tiempo de acción de los diferentes materiales para la reducción de la concentración bacteriana. - El tamaño y adsorción de las AgNPs sintetizadas in situ. - El efecto sinérgico de la plata con el ácido peroxiacético y el potencial eléctrico. - El mantenimiento del poder bactericida y el almacenamiento de los diferentes materiales evaluados.</subfield>
        </datafield>
        <datafield tag="653" ind1="1" ind2=" ">
            <subfield code="a">nanopartículas</subfield>
        </datafield>
        <datafield tag="653" ind1="1" ind2=" ">
            <subfield code="a">acción bactericida</subfield>
        </datafield>
        <datafield tag="700" ind1=" " ind2=" ">
            <subfield code="a">Santamaría Ramiro, Jesús</subfield>
            <subfield code="e">dir.</subfield>
        </datafield>
        <datafield tag="700" ind1=" " ind2=" ">
            <subfield code="a">Arruebo Gordo, Manuel</subfield>
            <subfield code="e">dir.</subfield>
        </datafield>
        <datafield tag="710" ind1="2" ind2=" ">
            <subfield code="a">Universidad de Zaragoza</subfield>
            <subfield code="b">Ingeniería Química y Tecnologías del Medio Ambiente</subfield>
        </datafield>
        <datafield tag="856" ind1="0" ind2=" ">
            <subfield code="f">zaguan@unizar.es</subfield>
        </datafield>
        <datafield tag="856" ind1="4" ind2=" ">
            <subfield code="s">96090543</subfield>
            <subfield code="u">http://zaguan.unizar.es/record/12587/files/TESIS-2013-127.pdf</subfield>
            <subfield code="z">Texto completo (spa)</subfield>
        </datafield>
        <datafield tag="909" ind1="C" ind2="O">
            <subfield code="o">oai:zaguan.unizar.es:12587</subfield>
        </datafield>
        <datafield tag="909" ind1="c" ind2="o">
            <subfield code="p">tesis</subfield>
        </datafield>
        <datafield tag="909" ind1="C" ind2="O">
            <subfield code="p">driver</subfield>
        </datafield>
        <datafield tag="910" ind1="2" ind2=" ">
            <subfield code="a">Química inorgánica</subfield>
            <subfield code="b">Ingeniería Química y Tecnologías del Medio Ambiente</subfield>
        </datafield>
        <datafield tag="980" ind1=" " ind2=" ">
            <subfield code="a">TESIS</subfield>
        </datafield>
    </record>

    
</collection>